Planning gain and the supply of new affordable housing in England (Record no. 78202)

MARC details
000 -LEADER
fixed length control field 01032cab a22002175a 4500
001 - CONTROL NUMBER
control field L136236
008 - FIXED-LENGTH DATA ELEMENTS--GENERAL INFORMATION
fixed length control field 070118s2006 xxk f 000 0 eng d
035 ## - SYSTEM CONTROL NUMBER
System control number (Sirsi) u136236
041 0# - LANGUAGE CODE
Language code of text/sound track or separate title eng
100 1# - MAIN ENTRY--PERSONAL NAME
Personal name Crook, A. D. H.
245 00 - TITLE STATEMENT
Title Planning gain and the supply of new affordable housing in England
Remainder of title understanding the numbers
260 ## - PUBLICATION, DISTRIBUTION, ETC.
Date of publication, distribution, etc. 2006
490 #0 - SERIES STATEMENT
Series statement Town Planning Review
Volume/sequential designation 77(3) 2006, 355-373(19)
520 ## - SUMMARY, ETC.
Summary, etc. Assesses the extent to which the policy to generate land and finance for affordable housing through the land use planning system in England is achieving its objectives after fifteen years in place. Draws on a number of complementary research projects to look at how the policy has developed and then at the outputs and outcomes. Examines the numbers being achieved and the proportion of total output that this represents.
651 #4 - SUBJECT ADDED ENTRY--GEOGRAPHIC NAME
Geographic name England
Chronological subdivision 886-
690 ## - LOCAL SUBJECT ADDED ENTRY--TOPICAL TERM (OCLC, RLIN)
Topical term or geographic name as entry element Planning and development
9 (RLIN) 6259
700 1# - ADDED ENTRY--PERSONAL NAME
Personal name Monk, S.
700 1# - ADDED ENTRY--PERSONAL NAME
Personal name Rowley, S.
700 1# - ADDED ENTRY--PERSONAL NAME
Personal name Whitehead, Christine M. E.
942 ## - ADDED ENTRY ELEMENTS (KOHA)
Suppress in OPAC 0
Holdings
Withdrawn status Lost status Source of classification or shelving scheme Damaged status Not for loan Home library Current library Shelving location Date acquired Total Checkouts Full call number Barcode Date last seen Copy number Price effective from Koha item type
    Dewey Decimal Classification     London London Journal article 18/01/2007   L136236 136236-1001 06/08/2019 1 06/08/2019 Journal article